000 00622nam 22002293 4500
001 199239
010 _a972-41-3932-8
021 _aPT
_b229187/05
090 _a199239
100 _a20251124d u||y0pory50 ba
200 _aO grande fosso
_ftexto e desenhos de Albert Uderzo
205 _a
210 _aPorto
_cEdições Asa
_d2005
215 _a48 p.
_cil. ; encadernado
_d30 cm
225 _a Astérix o Gaulês
_h25
606 _91586
_aDesenho Artístico
610 _aBanda Desenhada
675 _a74
_vPT
_zpor
700 _9824
_aUderzo
_bAlbert
_f1927-2020
801 _aPT
_bBMMN
_gRPC
830 _cIsabel
990 _cLIVROS